Chansons de BTS - Mort subite - Statistiques

Statistiques générales
  • Ce quiz a été pris 1 615 fois
  • Le résultat moyen est 18 sur 23
Answers on the Grid
Answers color-coded by a green-red scale on the quiz's grid according to % correct below.
Dynamite
DNA
MIROH
Spring Day
Energetic
Airplane pt.2
134340
Love Maze
Pretty U
IDOL
MIC Drop
Boy in Luv
Just One Day
WORK
Pied Piper
I Need U
LALALALA
Anpanman
Butter
IF YOU
CALL ME BABY
Blood Sweat & Tears
FAKE LOVE
Kick It
Burning Up (Fire)
Replay
Telepathy
Save Me
Not Today
Overdose
Permission to Dance
THANXX
Danger
Maze in the Mirror
The Truth Untold
 
Statistiques - réponses
Réponse % Correct
Dynamite
99%
DNA
94%
Boy in Luv
87%
IDOL
87%
Butter
86%
MIC Drop
86%
FAKE LOVE
85%
Spring Day
85%
Airplane pt.2
83%
Blood Sweat & Tears
82%
I Need U
82%
Permission to Dance
82%
Save Me
78%
Anpanman
76%
Burning Up (Fire)
75%
Not Today
75%
Danger
73%
Just One Day
73%
Pied Piper
73%
Love Maze
64%
The Truth Untold
64%
134340
58%
Telepathy
56%
Aucun quiz correspondant
Distribution des résultats
% des personnes avec chaque résultat
Percentile par nombre de réponses
Votre historique - résultats
Vous n’avez pas pris ce quiz